[Event "URS-FL"]
[Site "Ashkhabad"]
[Date "1978.??.??"]
[Round "7"]
[White "Jussupow, Artur"]
[Black "Timoshchenko, Gennadi A"]
[Result "1-0"]
[WhiteElo "2450"]
[BlackElo "2530"]

1.e4 c5 2.Nf3 d6 3.Bb5+ Nc6 4.O-O Bd7 5.c3 Nf6 6.Re1 a6 7.Bxc6 Bxc6 8.d4 Bxe4
9.Bg5 Bxb1 10.Rxb1 e6 11.Bxf6 gxf6 12.d5 Qd7 13.b4 O-O-O 14.Qd3 Bg7 15.Nd2 exd5
16.Qxd5 f5 17.Nc4 Qc7 18.bxc5 dxc5 19.Qxf5+ Kb8 20.Na5 Rhe8 21.Rxe8 Rxe8
22.Nxb7 Ka7 23.Nxc5 Bxc3 24.Qd3 Re1+ 25.Rxe1 Bxe1 26.Qxa6+ Kb8 27.Qb5+ Ka7
28.Qd7 Kb6 29.Qxc7+ Kxc7 30.Kf1 Ba5 31.Ke2 Kc6 32.Ne4 Bd8 33.f4 h6 34.g4 Kd5
35.Ng3 Bf6 36.Kf3 Ke6 37.Ke4 Bc3 38.Nf5 h5 39.gxh5 Kf6 40.Ne3 Kg7 41.Ng4 Ba5
42.f5  1-0

[Event "URS-FL"]
[Site "Ashkhabad"]
[Date "1978.??.??"]
[Round "17"]
[White "Timoshchenko, Gennadi A"]
[Black "Kupreichik, Viktor D"]
[Result "1-0"]
[WhiteElo "2530"]
[BlackElo "2530"]

1.e4 c5 2.Nf3 d6 3.Bb5+ Nc6 4.O-O Bd7 5.Re1 Nf6 6.c3 a6 7.Bxc6 Bxc6 8.d4 Bxe4
9.Bg5 Bd5 10.Nbd2 e6 11.c4 Bxf3 12.Qxf3 cxd4 13.Qxb7 Qc8 14.Qb6 Qc5 15.Qb7 Qc8
16.Qb6 Qc5 17.Qb7 Qa7 18.Qc6+ Kd8 19.Nb3 Rc8 20.Na5 Rc7 21.Qf3 Ke8 22.Bxf6 gxf6
23.Qxf6 Rg8 24.Rxe6+ fxe6 25.Qxe6+ Re7 26.Qxg8 Qb6 27.Nb3 a5 28.Qd5 Re5 29.Qxd4 Qb4
30.Nd2 Bg7 31.Nf1 Re7 32.Qd3 Qxb2 33.Rb1 Qd4 34.Rb8+ Kf7 35.Qf5+ Qf6 36.Qxh7 Re5
37.Rb7+ Kf8 38.Rb8+ Kf7 39.g3 a4 40.Ne3  1-0

[Event "Bogota"]
[Site "Bogota"]
[Date "1978.??.??"]
[Round "?"]
[White "Szmetan, Jorge"]
[Black "Sigurjonsson, Gudmundur"]
[Result "1/2-1/2"]
[WhiteElo "2420"]
[BlackElo "2500"]

1.e4 c5 2.Nf3 d6 3.Bb5+ Nc6 4.O-O Bd7 5.Re1 a6 6.Bf1 g6 7.h3 Bg7 8.c3 Nf6
9.d4 cxd4 10.cxd4 d5 11.e5 Ne4 12.Nbd2 Bf5 13.Nb3 O-O 14.Be3 f6 15.exf6 Bxf6
16.Rc1 Rc8 17.Nc5 Nxc5 18.Rxc5 Qd6 19.Rc3 Nb4 20.Qb3 Rxc3 21.bxc3 Nc2 22.Re2 Nxe3
23.Rxe3 b5 24.a4 Rb8  1/2-1/2

[Event "HUN-ch"]
[Site "Budapest"]
[Date "1978.??.??"]
[Round "?"]
[White "Szell, Lajos"]
[Black "Szekely, Peter"]
[Result "1-0"]
[WhiteElo "2435"]
[BlackElo "2200"]

1.e4 c5 2.Nf3 d6 3.Bb5+ Bd7 4.Bxd7+ Qxd7 5.c4 e5 6.Nc3 Nc6 7.d3 Be7 8.O-O Bd8
9.Nd5 Nge7 10.Qa4 Nxd5 11.cxd5 Nb4 12.Qxd7+ Kxd7 13.Ne1 Rf8 14.Bd2 Na6 15.Nc2 f5
16.f3 Rc8 17.b3 Bb6 18.Kh1 Bd8 19.g3 Nc7 20.a4 Ne8 21.Na3 g6 22.Nc4 b6 23.f4 exf4
24.gxf4 Nf6 25.Rae1 Be7 26.Bc3 fxe4 27.dxe4 Nh5 28.Bd2 Bh4 29.Re2 Rce8 30.Kg2 Nf6
31.Kh3 Nxe4 32.Kxh4 Rf5 33.Rfe1 Rh5+ 34.Kg4 Nf6+ 35.Kg3 Rxe2 36.Rxe2 Rxd5
37.Kf3 Rh5 38.Be1 Rd5 39.Rd2 Rxd2 40.Nxd2 d5  1-0

[Event "HUN-ch"]
[Site "Budapest"]
[Date "1978.??.??"]
[Round "?"]
[White "Hazai, Laszlo"]
[Black "Tompa, Janos"]
[Result "1/2-1/2"]
[WhiteElo "2455"]
[BlackElo "2400"]

1.e4 c5 2.Nf3 d6 3.Bb5+ Nc6 4.O-O Bd7 5.c3 a6 6.Ba4 Nf6 7.Re1 c4 8.Bc2 Bg4
9.h3 Bh5 10.b3 cxb3 11.Bxb3 e5 12.d3  1/2-1/2

[Event "Buenos Aires ol (Men)"]
[Site "Buenos Aires"]
[Date "1978.??.??"]
[Round "?"]
[White "Mollekens, Roeland"]
[Black "Apol, Luitjen"]
[Result "0-1"]
[WhiteElo "2200"]
[BlackElo "2200"]

1.e4 c5 2.Nf3 d6 3.Bb5+ Nc6 4.O-O a6 5.Bxc6+ bxc6 6.c3 e6 7.d4 d5 8.e5 cxd4
9.cxd4 c5 10.Nc3 Qc7 11.Bf4 Ne7 12.dxc5 Ng6 13.Bg3 Bxc5 14.Rc1 Qa7 15.Qc2 Bb6
16.h4 Bd7 17.Ng5 Ne7 18.Kh2 h6 19.Nh3 Rc8 20.Qe2 Nf5 21.Nf4 O-O 22.Rfd1 Rc7
23.Nd3 Rfc8 24.h5 Bd4 25.Qd2 Bxc3 26.Rxc3 Rxc3 27.bxc3 Bb5 28.Rc1 Qe7 29.f4 Qa3
30.Qb2 Qa4 31.Nf2 Rc4 32.Qd2 Qa3 33.Nd1 Re4 34.Qb2 Qxb2 35.Nxb2 Re2 36.Rb1 Ne3
37.a4 Rxg2+ 38.Kh3 Be2 39.Re1 Bg4+ 40.Kh4 Nf5+  0-1

[Event "Buenos Aires ol (Men)"]
[Site "Buenos Aires"]
[Date "1978.??.??"]
[Round "?"]
[White "Mollekens, Roeland"]
[Black "Duchesne, EL."]
[Result "1/2-1/2"]
[WhiteElo "2200"]
[BlackElo "2200"]

1.e4 c5 2.Nf3 d6 3.Bb5+ Nc6 4.O-O a6 5.Bxc6+ bxc6 6.c3 e5 7.d4 cxd4 8.cxd4 Qc7
9.Nc3 Be6 10.Qa4 Bd7 11.Qc2 f6 12.Be3 Ne7 13.Rac1 Rb8 14.Rfd1 Ng6 15.b4 a5
16.a3 axb4 17.axb4 Qc8 18.Na2 Be7 19.d5 cxd5 20.Qxc8+ Rxc8 21.Rxc8+ Bxc8
22.exd5 Bb7 23.b5 Kd7 24.Nb4 Ra8 25.Nd2 Ra5 26.b6 Rb5 27.Rc1 Bd8 28.Nc6 Bxb6
29.Nb8+ Kd8 30.Bxb6+ Rxb6 31.Nc4 Rb4 32.Nxd6 Nf4 33.Nxb7+ Rxb7 34.Nc6+ Kd7
35.Kf1 Rb2 36.Rd1 Kd6 37.Na5 Rb5 38.Nc4+ Kc5 39.Ne3 Kd6 40.Nf5+ Kd7  1/2-1/2

[Event "Buenos Aires ol (Men)"]
[Site "Buenos Aires"]
[Date "1978.??.??"]
[Round "?"]
[White "Lein, Anatoly"]
[Black "Ribli, Zoltan"]
[Result "1/2-1/2"]
[WhiteElo "2505"]
[BlackElo "2585"]

1.e4 c5 2.Nf3 d6 3.Bb5+ Bd7 4.Bxd7+ Nxd7 5.O-O Ngf6 6.d3 e6 7.c4 Be7 8.Nc3 O-O
9.b3 a6 10.Bb2 Qb8 11.Ne1 b5 12.f4 bxc4 13.dxc4 Ne8 14.Nf3 f5 15.Qd2 fxe4
16.Nxe4 h6 17.Rae1 Qc8 18.Ng3 Ndf6 19.Nh4 Rf7 20.Ng6 Bd8 21.Qe3 Nc7 22.Rd1 Rd7  1/2-1/2

[Event "Buenos Aires ol (Men)"]
[Site "Buenos Aires"]
[Date "1978.??.??"]
[Round "?"]
[White "Kaiszauri, Konstanty"]
[Black "Larsen, S."]
[Result "1-0"]
[WhiteElo "2420"]
[BlackElo "2200"]

1.e4 c5 2.Nf3 d6 3.Bb5+ Nc6 4.O-O Nf6 5.Re1 e5 6.c3 Bg4 7.d3 a6 8.Bxc6+ bxc6
9.Nbd2 Be7 10.h3 Be6 11.d4 cxd4 12.cxd4 exd4 13.Nxd4 Bd7 14.Nc4 O-O 15.e5 dxe5
16.Nxe5 Rc8 17.Nxd7 Qxd7 18.Bg5 Bb4 19.Rf1 Nd5 20.Qf3 h6 21.Bc1 f5 22.Rd1 Rce8
23.Bd2 Bc5 24.Ne2 Re7 25.Nf4 Nxf4 26.Bxf4 Qb7 27.Rac1 Qb5 28.Rxc5 Qxc5 29.Bd6 Re1+
30.Kh2 Qa5 31.b4 Rxd1 32.Qxd1 Qxa2 33.Bxf8 Kxf8 34.Qd8+ Kf7 35.Qd7+ Kf8 36.Qxf5+ Ke7
37.Qe5+ Kf7 38.Qc7+ Kf8 39.Qxc6 Qa3 40.Qc8+ Kf7 41.Qd7+ Kf6 42.Qd6+ Kf7 43.Qd7+ Kf6
44.Qd4+ Kf7 45.f4 Qb3 46.Qe4 Qc3 47.Kg1 Qd2 48.f5 Qd1+ 49.Kf2 Qd2+ 50.Kf3 Qd1+
51.Kf4 Qd6+ 52.Kg4 Qd1+ 53.Qf3 Qd4+ 54.Kh5 Qxb4 55.Qd5+ Kf8 56.Kg6 Qe7 57.Qa8+ Qe8+
58.Qxe8+  1-0

[Event "Buenos Aires ol (Men)"]
[Site "Buenos Aires"]
[Date "1978.??.??"]
[Round "?"]
[White "Jhunjhnuwala, Krishan"]
[Black "Takemoto, Hiroshi"]
[Result "1-0"]
[WhiteElo "2200"]
[BlackElo "2200"]

1.e4 c5 2.Nf3 d6 3.Bb5+ Bd7 4.Bxd7+ Qxd7 5.O-O Nc6 6.c4 Nf6 7.Nc3 g6 8.d3 Bg7
9.a3 O-O 10.Rb1 e6 11.b4 b6 12.Bg5 h6 13.Bd2 Rac8 14.h3 Rfd8 15.b5 Ne7 16.Qe2 Ne8
17.Rfe1 Nc7 18.Nh2 Kh7 19.f4 Re8 20.Nf3 Rcd8 21.Qf2 f5 22.Qh4 Rf8 23.Re2 Bf6
24.Qf2 d5 25.exd5 exd5 26.Rbe1 Ng8 27.Ne5 Bxe5 28.fxe5 d4 29.Nd1 Ne6 30.Qf3 Rf7
31.Nf2 Qe8 32.h4 Qd7 33.Nh3 Ne7 34.Nf4 h5 35.a4 Kg7 36.a5 Rff8 37.Ra1 Ra8
38.axb6 a5 39.bxa6 Nxf4 40.Bxf4 Qe6 41.Rb2  1-0

[Event "Buenos Aires ol (Men)"]
[Site "Buenos Aires"]
[Date "1978.??.??"]
[Round "?"]
[White "Hebert, Jean"]
[Black "Kavalek, Lubomir"]
[Result "1/2-1/2"]
[WhiteElo "2255"]
[BlackElo "2570"]

1.e4 c5 2.Nf3 d6 3.Bb5+ Bd7 4.Bxd7+ Qxd7 5.O-O Nc6 6.c3 d5 7.exd5 Qxd5 8.d4 e6
9.Qa4 Nf6 10.Bg5 cxd4 11.Nxd4 Rc8 12.Nxc6 Qxc6 13.Qxc6+ Rxc6 14.Bxf6 gxf6
15.Nd2 f5 16.Rfd1 Bg7 17.Kf1 Ke7 18.Nb3 Rd8 19.Rxd8 Kxd8 20.Rd1+ Ke7 21.Rd2 b6
22.Ke2 a5 23.Nd4 Rc5 24.f4 a4 25.Kd3 Bxd4 26.Kxd4 f6 27.Re2 Kd6 28.c4 e5+
29.Kc3 b5 30.b3 axb3 31.axb3 bxc4 32.bxc4 Rc8  1/2-1/2

[Event "Buenos Aires ol (Men)"]
[Site "Buenos Aires"]
[Date "1978.??.??"]
[Round "?"]
[White "Delgado, R."]
[Black "Levy, David Neil Lawrence"]
[Result "1-0"]
[WhiteElo "2300"]
[BlackElo "2320"]

1.e4 c5 2.Nf3 d6 3.Bb5+ Nd7 4.d4 a6 5.Bxd7+ Bxd7 6.Nc3 cxd4 7.Qxd4 Nf6 8.Bg5 h6
9.Bxf6 gxf6 10.O-O Rc8 11.Nd2 Qc7 12.Nb3 Bg7 13.Nd5 Qd8 14.Ne3 Kf8 15.Nf5 Rxc2
16.Rac1 Rxc1 17.Rxc1 Bc6 18.Rd1 h5 19.Qe3 Rh7 20.Nbd4 Bd7 21.Rc1 e5 22.Qb3 exd4
23.Qxb7 Kg8 24.Rc7 Bxf5 25.exf5 Bf8 26.Rc8 Qa5 27.Qe7  1-0

[Event "Buenos Aires ol (Men)"]
[Site "Buenos Aires"]
[Date "1978.??.??"]
[Round "?"]
[White "Borik, Otto"]
[Black "Tarjan, James Edward"]
[Result "0-1"]
[WhiteElo "2400"]
[BlackElo "2510"]

1.e4 c5 2.Nf3 d6 3.Bb5+ Nc6 4.O-O Bd7 5.c3 Nf6 6.Re1 a6 7.Bf1 e5 8.h3 Be7
9.d4 Qc7 10.Nbd2 b5 11.a4 Rb8 12.d5 Na5 13.axb5 axb5 14.b4 Nb7 15.Bb2 c4
16.Ra7 O-O 17.Qa1 Qc8 18.Qa6 Ne8 19.Ra1 Nc7 20.Qa2 f5 21.exf5 Bxf5 22.g4 Bg6
23.Re1 Nxd5 24.Nxc4 bxc4 25.Nxe5 Bh4 26.Nxg6 Bxf2+ 27.Kh1 hxg6 28.Re4 Ne3
29.Rxc4 Nxc4 30.Bxc4+ Kh7 31.Bd5 Qe8  0-1

[Event "Buenos Aires ol (Men)"]
[Site "Buenos Aires"]
[Date "1978.??.??"]
[Round "?"]
[White "Borik, Otto"]
[Black "Gruenfeld, Yehuda"]
[Result "1/2-1/2"]
[WhiteElo "2400"]
[BlackElo "2200"]

1.e4 c5 2.Nf3 d6 3.Bb5+ Bd7 4.Bxd7+ Qxd7 5.O-O Nc6 6.c3 Nf6 7.Qe2 e6 8.d4 cxd4
9.Nxd4 d5 10.e5 Ne4 11.Nd2 Nxd2 12.Bxd2 Be7 13.Rfc1  1/2-1/2

[Event "Buenos Aires ol (Men)"]
[Site "Buenos Aires"]
[Date "1978.??.??"]
[Round "?"]
[White "Arnason, Jon L"]
[Black "Ghitescu, Theodor"]
[Result "1/2-1/2"]
[WhiteElo "2470"]
[BlackElo "2450"]

1.e4 c5 2.Nf3 d6 3.Bb5+ Nd7 4.d4 Nf6 5.Nc3 cxd4 6.Qxd4 e5 7.Qd3 h6 8.Be3 Be7
9.O-O O-O 10.Bc4 a6 11.a4 Nb6 12.Bb3 Be6 13.Nh4 Rc8 14.Ng6 Re8 15.Rfd1 Nc4
16.Bxc4 Rxc4 17.Nxe7+ Qxe7 18.Qxd6 Qxd6 19.Rxd6 Nxe4 20.Nxe4  1/2-1/2

[Event "Buenos Aires ol (Men)"]
[Site "Buenos Aires"]
[Date "1978.??.??"]
[Round "?"]
[White "Arnason, Jon L"]
[Black "Bogda, A."]
[Result "1/2-1/2"]
[WhiteElo "2470"]
[BlackElo "2240"]

1.e4 c5 2.Nf3 d6 3.Bb5+ Bd7 4.Bxd7+ Qxd7 5.O-O Nc6 6.c3 Nf6 7.Qe2 e6 8.Rd1 Be7
9.d4 cxd4 10.cxd4 O-O 11.Nc3 Qd8 12.e5 Nd5 13.Nxd5 exd5 14.Qb5 Qb6 15.Qxd5 dxe5
16.Nxe5 Nxe5  1/2-1/2

[Event "Buenos Aires ol (Men)"]
[Site "Buenos Aires"]
[Date "1978.??.??"]
[Round "?"]
[White "Weir, Peter"]
[Black "Braga, Cicero"]
[Result "0-1"]
[WhiteElo "2200"]
[BlackElo "2200"]

1.e4 c5 2.Nf3 d6 3.Bb5+ Bd7 4.Bxd7+ Qxd7 5.O-O Nc6 6.c3 Nf6 7.Re1 e6 8.d4 cxd4
9.cxd4 d5 10.e5 Ne4 11.Nbd2 Nxd2 12.Bxd2 Be7 13.Qb3 O-O 14.Rad1 Rfc8 15.Qd3 h6
16.a3 Qd8 17.h3 Qb6 18.Bc1 Qa6 19.Qe3 Bf8 20.Nh2 Ne7 21.g4 Rc2 22.Nf1 Rac8
23.Ng3 Ng6 24.g5 hxg5 25.Qxg5 Be7 26.Qe3 Bh4 27.Re2 Rxc1 28.Rxc1 Rxc1+ 29.Qxc1 Bxg3
30.Rc2 Bf4 31.Rc8+ Kh7 32.Qd1 Qb6 33.b3 Qa5 34.a4 Bh6 35.Rc5 Qd8 36.Qc2 Qg5+
37.Kf1 Qf4 38.Qd3 Bg5 39.Rc7 Bh4 40.Qe3 Qf5 41.Rxb7 Nf4 42.Rc7 Nxh3 43.Kg2 Qg4+
44.Kf1 Nxf2 45.Rxa7 Qd1+ 46.Qe1 Qd3+ 47.Qe2 Qh3+ 48.Ke1 Ne4+  0-1

[Event "Buenos Aires ol (Men)"]
[Site "Buenos Aires"]
[Date "1978.??.??"]
[Round "?"]
[White "Shoumali, S."]
[Black "Takemoto, Hiroshi"]
[Result "1/2-1/2"]
[WhiteElo "2200"]
[BlackElo "2200"]

1.e4 c5 2.Nf3 d6 3.Bb5+ Bd7 4.Bxd7+ Qxd7 5.c4 e5 6.Nc3 Nc6 7.d3 Nge7 8.a3 Nd4
9.Nxd4 cxd4 10.Nd5 Nxd5 11.cxd5 Be7 12.O-O O-O 13.f4 Rac8 14.f5 Qd8 15.Qh5 h6
16.g3 Bg5 17.h4 Bxc1 18.Raxc1 f6 19.Qe2 Rf7 20.Rc4 Rxc4 21.dxc4 Qb6 22.Kg2 Rc7
23.Rc1 Qb3 24.Qc2 Qxc2+ 25.Rxc2 d3 26.Rd2 Rxc4 27.Kf3 Rc2 28.Ke3 Rxd2 29.Kxd2 h5
30.Kxd3 Kh7 31.a4  1/2-1/2

[Event "Buenos Aires ol (Men)"]
[Site "Buenos Aires"]
[Date "1978.??.??"]
[Round "?"]
[White "Szmetan, Jorge"]
[Black "Kileng, Benny"]
[Result "1/2-1/2"]
[WhiteElo "2420"]
[BlackElo "2200"]

1.e4 c5 2.Nf3 d6 3.Bb5+ Bd7 4.Bxd7+ Nxd7 5.O-O g6 6.c3 Ngf6 7.Re1 Bg7 8.d4 e5
9.dxe5 dxe5 10.c4 O-O 11.Nc3 Re8 12.Bg5 h6 13.Bxf6 Bxf6 14.Qb3 Qc8 15.Rad1 Nf8
16.Nb5 Re7 17.Nc3 Bg7 18.Nd5 Re8 19.Rd3 Ne6 20.Qd1 b6 21.a4 Rb8 22.Qd2 Qc6
23.Ra1 Kh7 24.Ne1 f5 25.f3 Rb7 26.Nc2 Rf8 27.Qe2 Rbf7 28.b3 fxe4 29.fxe4 Nf4
30.Nxf4 exf4 31.Rf1 Re8 32.Rd5 Qe6 33.e5 Qf5 34.Ne1 Rxe5 35.Rxe5 Bxe5 36.Nf3 Bf6
37.Rd1 Re7 38.Qd3 Qxd3 39.Rxd3 g5 40.h3 Kg6 41.Kf2 h5 42.g4 hxg4 43.hxg4 Re6
44.Rd7 Re3 45.Rxa7 Rxb3 46.a5 Rb2+ 47.Kf1 Rb1+ 48.Kf2  1/2-1/2

[Event "ARG-ch"]
[Site "Buenos Aires"]
[Date "1978.??.??"]
[Round "?"]
[White "Campora, Daniel H"]
[Black "Hase, Juan C"]
[Result "1/2-1/2"]
[WhiteElo "2370"]
[BlackElo "2410"]

1.e4 c5 2.Nf3 d6 3.Bb5+ Nd7 4.O-O a6 5.Bxd7+ Bxd7 6.c4 e5 7.Nc3 b5 8.d3 Nf6
9.Ne1 b4 10.Nd5 Nxd5 11.cxd5 Be7 12.Nc2 f5 13.Ne3 f4 14.Nc4 O-O 15.f3 a5
16.a4 Qc7 17.Bd2 Bh4 18.Be1 Bxe1 19.Qxe1 Rf6 20.b3  1/2-1/2

[Event "URS-ch sf"]
[Site "Daugavpils"]
[Date "1978.??.??"]
[Round "?"]
[White "Yurtaev, Leonid"]
[Black "Zaichik, Gennadi"]
[Result "0-1"]
[WhiteElo "2200"]
[BlackElo "2470"]

1.e4 c5 2.Nf3 d6 3.Bb5+ Bd7 4.Bxd7+ Qxd7 5.O-O Nf6 6.Re1 Nc6 7.d4 cxd4 8.Bg5 d5
9.e5 Ne4 10.Nbd2 Nxg5 11.Nxg5 e6 12.Nb3 Be7 13.Nf3 O-O 14.Nbxd4 Rac8 15.Ne2 Qc7
16.Nf4 Qb6 17.Nd3 Nb4 18.Re2 Nxd3 19.cxd3 Rc6 20.Rc1 Rfc8 21.Rxc6 Qxc6 22.g3 Qc1
23.Qxc1 Rxc1+ 24.Kg2 Bc5 25.g4 Kf8 26.h4 Ke8 27.b3 a6 28.h5 h6 29.Kg3 Rc3
30.Rd2 Kd7 31.Kg2 Rc1 32.d4 Bb4 33.Rd3 b5 34.g5 Ra1 35.g6 fxg6 36.hxg6 Rxa2
37.Nh2 Rc2 38.Ng4 a5 39.Nf6+ Kd8 40.Nh5 Rc7 41.f4 a4 42.bxa4 bxa4 43.f5 exf5
44.Nf4 Rc6 45.Nxd5 Rxg6+ 46.Kf3 Bf8 47.Kf4 Ra6 48.Nc3 g6 49.Rd1 a3 50.Rb1 Rc6
51.Rb3 Rc4 52.Ke3 h5 53.Kd3 Rb4 54.Rxa3 Rxd4+ 55.Kxd4 Bxa3 56.Kd5 h4 57.Ne2 Ke7  0-1

[Event "URS-ch sf"]
[Site "Daugavpils"]
[Date "1978.??.??"]
[Round "?"]
[White "Zhidkov, Valery S"]
[Black "Petrushin, Alexander I"]
[Result "1/2-1/2"]
[WhiteElo "2520"]
[BlackElo "2355"]

1.e4 c5 2.Nf3 d6 3.Bb5+ Bd7 4.Bxd7+ Qxd7 5.O-O Nc6 6.c3 Nf6 7.Re1 e6 8.d4 cxd4
9.cxd4 d5 10.e5 Ne4 11.Nbd2 Nxd2 12.Bxd2 Be7 13.Bg5 O-O 14.Bxe7 Qxe7 15.Rc1 Rfc8
16.Re3 Qd7 17.Rec3 Ne7 18.Qd2 Rxc3 19.Rxc3 Rc8 20.Qc1 Rxc3 21.Qxc3 Qc6 22.Qxc6 Nxc6  1/2-1/2

[Event "URS-ch sf"]
[Site "Daugavpils"]
[Date "1978.??.??"]
[Round "?"]
[White "Kudriashov, Anatoli"]
[Black "Krivonosov, Oleg"]
[Result "1/2-1/2"]
[WhiteElo "2200"]
[BlackElo "2200"]

1.e4 c5 2.Nf3 d6 3.Bb5+ Nd7 4.O-O Nf6 5.Re1 e5 6.c3 a6 7.Bf1 Qc7 8.d4 g6
9.Nbd2 Bg7 10.dxe5 Nxe5 11.Nxe5 dxe5 12.Nc4 O-O 13.Qd6 Qxd6 14.Nxd6 Rd8 15.Nxc8 Raxc8
16.f3 c4 17.Bg5 h6 18.Be3 Bf8 19.Red1 Rxd1 20.Rxd1 Bc5 21.Bxc5 Rxc5 22.Rd6 Kg7
23.Rb6 Rb5 24.Rxb5 axb5 25.a4 bxa4 26.Bxc4 Nd7 27.Kf2 Kf6 28.Ke3 Ke7 29.h4 Nc5
30.Bb5 Kd6 31.Kd2 f6 32.Be8 g5 33.hxg5 hxg5 34.Kc2 Kc7 35.Bf7  1/2-1/2

[Event "URS-ch sf"]
[Site "Daugavpils"]
[Date "1978.??.??"]
[Round "?"]
[White "Taborov, Boris"]
[Black "Yuferov, Sergey  N"]
[Result "1/2-1/2"]
[WhiteElo "2370"]
[BlackElo "2450"]

1.e4 c5 2.Nf3 d6 3.Bb5+ Bd7 4.Bxd7+ Qxd7 5.O-O Nc6 6.c3 d5 7.d3 Rd8 8.Qe2 d4
9.cxd4 cxd4 10.Bf4 Nf6 11.Na3 Qg4 12.Bc7 Rd7 13.h3 Qh5 14.Bg3 e6 15.Nc4 Be7
16.Nce5 Nxe5 17.Bxe5 O-O 18.Bxd4 Qb5 19.a4 Qa6 20.Qc2 Nh5 21.Rfd1 Nf4 22.Bc3 Rxd3
23.Rxd3 Qxd3 24.Qxd3 Nxd3 25.Ne5 Nf4 26.Bd2 Ne2+ 27.Kf1 Nd4 28.Bc3 Nb3 29.Rd1 f6
30.Rd7 Bc5 31.Nd3 Rf7 32.Nxc5 Nxc5 33.Rd8+ Rf8 34.Rxf8+ Kxf8 35.Bb4 b6 36.Ke2 Ke7
37.Bxc5+ bxc5 38.Kd3 Kd6 39.Kc4 Kc6 40.g4  1/2-1/2

[Event "URS-ch sf"]
[Site "Daugavpils"]
[Date "1978.??.??"]
[Round "?"]
[White "Kosikov, Alexey I"]
[Black "Zilberstein, Valery I"]
[Result "0-1"]
[WhiteElo "2395"]
[BlackElo "2200"]

1.e4 c5 2.Nf3 d6 3.Bb5+ Bd7 4.Bxd7+ Nxd7 5.O-O Ngf6 6.Re1 g6 7.b3 Bg7 8.Bb2 O-O
9.d4 cxd4 10.Bxd4 b5 11.a4 b4 12.c4 Nc5 13.Nbd2 Ne6 14.Bb2 Qb6 15.Qc2 Ng4
16.Nf1 Nxf2 17.c5 Qxc5 18.Qxc5 Nxc5 19.Bxg7 Kxg7 20.Kxf2 Nd3+ 21.Ke2 Nxe1
22.Rxe1 Rfc8 23.Ne3 Rc3 24.Nd2 e6 25.Rb1 f5 26.Rb2 Rac8 27.g3 Kf6 28.Ndc4 Ke7
29.e5 dxe5 30.Nxe5 a5 31.N3c4 Kf6 32.Nd3 Rd8 33.Nf2 Rd5 34.Nd1 Rc1 35.Rd2 Rc5
36.Nf2 Rc3 37.Rb2 g5 38.Nd1 Rc1 39.Rd2 h5 40.Rd7 Rc2+ 41.Nd2 Re5+ 42.Kd3 Rc1
43.Nb2  0-1

[Event "Wch U20"]
[Site "Graz"]
[Date "1978.??.??"]
[Round "13"]
[White "Botto, Paul"]
[Black "Restrepo, G."]
[Result "1/2-1/2"]
[WhiteElo "2200"]
[BlackElo "2200"]

1.e4 c5 2.Nf3 d6 3.Bb5+ Bd7 4.Bxd7+ Qxd7 5.O-O Nc6 6.c3 Nf6 7.d4 Nxe4 8.d5 Nb8
9.Re1 Nf6 10.Bg5 Na6 11.Bxf6 gxf6 12.Nh4 Nc7 13.Qf3 O-O-O 14.c4  1/2-1/2

[Event "Halle 12th (Women)"]
[Site "Halle"]
[Date "1978.??.??"]
[Round "2"]
[White "Swiecik, Iwona"]
[Black "Keller, Martina"]
[Result "0-1"]
[WhiteElo "2035"]
[BlackElo "2130"]

1.e4 c5 2.Nf3 d6 3.Bb5+ Nc6 4.Bxc6+ bxc6 5.d3 e5 6.O-O Be7 7.Nbd2 Nf6 8.Nc4 h6
9.Nh4 g5 10.Nf5 Bxf5 11.exf5 Qd7 12.c3 Qxf5 13.d4 cxd4 14.cxd4 O-O 15.dxe5 dxe5
16.Qe2 e4 17.Bd2 Rfe8 18.Rfe1 Rad8 19.Bc3 Bc5 20.Ne3 Bxe3 21.Qxe3 Ng4 22.Qxa7 Qf4
23.g3 Qf3 24.h3 e3 25.hxg4 Qxf2+ 26.Kh1 Qxg3 27.Qa4 Qf3+ 28.Kg1 Re4 29.Qc2 Rxg4+
30.Kh2 Qg3+  0-1

[Event "Hastings7879"]
[Site "Hastings"]
[Date "1978.??.??"]
[Round "1"]
[White "Taulbut, Shaun M"]
[Black "Andersson, Ulf"]
[Result "0-1"]
[WhiteElo "2405"]
[BlackElo "2545"]

1.e4 c5 2.Nf3 d6 3.Bb5+ Bd7 4.Bxd7+ Qxd7 5.O-O e6 6.c3 Nf6 7.e5 dxe5 8.Nxe5 Qd5
9.Qa4+ Nbd7 10.d4 a6 11.Bf4 b5 12.Qd1 cxd4 13.cxd4 Bb4 14.a3 Ba5 15.Nf3 Rc8
16.a4 Bb4 17.axb5 axb5 18.Na3 Bxa3 19.Rxa3 O-O 20.Ra5 Ra8 21.Qd2 Qb3 22.Rfa1 Rxa5
23.Rxa5 Nd5 24.Ra3 Qc4 25.h3 b4 26.Ra7 N7f6 27.Be5 Ne4 28.Qe1 Qc2 29.Ra1 Rc8
30.Rd1 b3 31.Nd2 Nxd2 32.Rxd2 Qc1 33.Kf1 Qc4+ 34.Kg1 h6 35.h4 Qc1 36.Kf1 Qc4+
37.Kg1 Qa6 38.Qd1 f6 39.Bg3 Qc4 40.Rd3 Qc2 41.Qf3 Qb1+ 42.Kh2 Rc1 43.Bb8 Rh1+
44.Kg3 Ne7  0-1

[Event "Hastings7879"]
[Site "Hastings"]
[Date "1978.??.??"]
[Round "3"]
[White "Taulbut, Shaun M"]
[Black "Csom, Istvan"]
[Result "0-1"]
[WhiteElo "2405"]
[BlackElo "2510"]

1.e4 c5 2.Nf3 d6 3.Bb5+ Nc6 4.O-O Bd7 5.Re1 a6 6.Bf1 Bg4 7.h3 Bh5 8.c3 e6
9.g4 Bg6 10.d4 h5 11.g5 Be7 12.Bg2 h4 13.d5 Ne5 14.dxe6 Nxf3+ 15.Qxf3 fxe6
16.c4 e5 17.Nc3 Bf7 18.Nd5 Bxd5 19.exd5 Bxg5 20.Qg4 Bf6 21.f4 Qd7 22.fxe5 Bxe5
23.Qg6+ Kd8 24.Rxe5 dxe5 25.Qb6+ Qc7 26.Bg5+ Kc8 27.Qe6+ Kb8 28.d6 Qb6 29.Qf7 Ka7
30.Rf1 Nh6 31.Qd5 Rad8 32.d7 Qc7 33.Be3 Rxd7 34.Qxc5+ Qxc5 35.Bxc5+ Kb8 36.Bd5 Re8
37.Be3 Ng8 38.Bf7 Rf8 39.Be6 Rxf1+ 40.Kxf1 Rd8 41.Bg5 Nf6  0-1

[Event "Hastings7879"]
[Site "Hastings"]
[Date "1978.??.??"]
[Round "4"]
[White "Botterill, George Steven"]
[Black "Lein, Anatoly"]
[Result "1/2-1/2"]
[WhiteElo "2400"]
[BlackElo "2505"]

1.e4 c5 2.Nf3 d6 3.Bb5+ Bd7 4.Bxd7+ Qxd7 5.c4 Nc6 6.d4 cxd4 7.Nxd4 g6 8.Nc3 Bg7
9.Be3 Nf6 10.f3 O-O 11.O-O Rfc8 12.Nde2 b6 13.Qd2 Qb7 14.Rac1 Rab8 15.Nd5 Ne8
16.b3 Rd8 17.Nd4 Rd7 18.Nxc6 Qxc6 19.b4 Qa4 20.b5 Nc7 21.Nb4 a6 22.Nc6 Rb7
23.Rb1 axb5 24.cxb5 Nxb5 25.Rfc1 h5 26.Rb4 Qa6 27.Qd3 Nc7 28.Qxa6 Nxa6 29.Rxb6 Bh6
30.Nxe7+ Rxe7 31.Rc8+ Kh7 32.Bd4 Bg7 33.Bxg7 Kxg7 34.Rxa6 d5 35.Rc2 dxe4
36.fxe4 Rxe4 37.g3 h4 38.Kg2 Rd7 39.Ra3 Rde7 40.Rac3 Ra4 41.a3 Rea7 42.Ra2 f5
43.Rf3 hxg3 44.hxg3 Kh6 45.Re3 Kg5 46.Kf3 R7a6 47.Rb3 Rc4 48.Re3 Rca4 49.Rb3 Rc6
50.Re3 Rb6 51.Rc3 Rb1 52.Rd3 Rb6 53.Rc3 Rba6 54.Rb3 Kf6 55.Re3 g5 56.Rb3 g4+
57.Kg2 Kg5 58.Rb5 Rxa3 59.Rf2 Rf6 60.Rc5 Rf8 61.Rb5 Ra6 62.Rc5 Rh6 63.Ra5  1/2-1/2

[Event "Hastings7879"]
[Site "Hastings"]
[Date "1978.??.??"]
[Round "5"]
[White "Vasiukov, Evgeni"]
[Black "Mestel, A Jonathan"]
[Result "1-0"]
[WhiteElo "2555"]
[BlackElo "2450"]

1.e4 c5 2.Nf3 d6 3.Bb5+ Nd7 4.O-O Nf6 5.Re1 e5 6.c3 a6 7.Bf1 Be7 8.d4 O-O
9.Nbd2 b5 10.h3 Qb6 11.b3 Re8 12.Bb2 Bf8 13.a4 Rb8 14.Ra2 Bb7 15.d5 Bc8 16.Qc2 b4
17.Nc4 Qc7 18.Ne3 Qb7 19.Nd2 g6 20.a5 h5 21.Ra4 Bh6 22.Raa1 Kh7 23.Qd1 Qc7
24.Bd3 Qd8 25.Qe2 Ra8 26.Ndc4 Qe7 27.Ra4 bxc3 28.Bxc3 h4 29.Qf3 Rb8 30.Rb1 Kg8
31.Ra2 Kg7 32.Rab2 Nh7 33.Ng4 Bg5 34.b4 Rf8 35.Bc2 f5 36.exf5 gxf5 37.Nge3 cxb4
38.Nxf5+ Rxf5 39.Qxf5 Ndf8 40.Nxd6 bxc3 41.Rxb8 Bd7 42.R1b6  1-0

[Event "Hastings7879"]
[Site "Hastings"]
[Date "1978.??.??"]
[Round "5"]
[White "Peters, John A"]
[Black "Balshan, Amikam"]
[Result "1-0"]
[WhiteElo "2430"]
[BlackElo "2415"]

1.e4 c5 2.Nf3 d6 3.Bb5+ Nd7 4.d4 cxd4 5.Qxd4 e5 6.Qd3 a6 7.Bxd7+ Bxd7 8.O-O h6
9.c4 Nf6 10.Nc3 Be7 11.Be3 O-O 12.a4 Bc6 13.a5 Nxe4 14.Bb6 Qb8 15.Nxe4 f5
16.Nc3 e4 17.Qe2 exf3 18.Qxe7 Rf7 19.Qe6 Qf8 20.g3 Kh7 21.Rad1 Rf6 22.Qe3 Re8
23.Qd3 Be4 24.Nxe4 fxe4 25.Qd5 Re5 26.Qxb7 Rg6 27.Qd7 Rge6 28.Kh1 Qf5 29.g4 Qg6
30.Be3 h5 31.g5 Rxa5 32.b4 Ra3 33.b5 axb5 34.cxb5 Rd3 35.b6 Qf5 36.Rxd3 exd3
37.Rg1 Qd5 38.Qf7 d2 39.g6+  1-0

[Event "Hastings7879"]
[Site "Hastings"]
[Date "1978.??.??"]
[Round "9"]
[White "Peters, John A"]
[Black "Mestel, A Jonathan"]
[Result "0-1"]
[WhiteElo "2430"]
[BlackElo "2450"]

1.e4 c5 2.Nf3 d6 3.Bb5+ Nd7 4.d4 Nf6 5.O-O Nxe4 6.Qe2 Nf6 7.Bg5 cxd4 8.Bxf6 gxf6
9.Nxd4 a6 10.Bxd7+ Bxd7 11.Nc3 Qa5 12.Qf3 O-O-O 13.Nd5 e6 14.Nxf6 Bg7 15.Rad1 d5
16.Rd3 Qc7 17.Rfd1 Kb8 18.c4 Ba4 19.b3 dxc4 20.Rc1 Qa5 21.bxc4 e5 22.Nb3 Rxd3
23.Qxd3 Qd8 24.Nd5 Bc6 25.Nc5 Qa5 26.Qg3 Qd2 27.Nd3 Re8 28.Qxg7 Qxd3 29.Qxf7 Rc8
30.Ne7 Rc7 31.Qf8+ Ka7 32.Nc8+ Kb8 33.Nb6+ Ka7 34.c5 Be8 35.Qxe8 Rxc5 36.Nc8+ Kb8
37.Re1 Qe2 38.Ne7+ Ka7  0-1